[Event "Titled Tuesday intern op 07th Jan Early"]
[Site "Chess.com INT"]
[Date "2025.01.07"]
[Round "2"]
[White "Stankovic, Ivan G"]
[Black "Samunenkov, Igor"]
[Result "0-1"]
[WhiteElo "2308"]
[BlackElo "2541"]
[PlyCount "84"]
[EventDate "2025.01.07"]
[EventType "swiss (blitz)"]
[EventRounds "11"]
[EventCountry "USA"]
[SourceTitle "CB03_2025"]
[SourceDate "2025.01.15"]
[SourceVersion "1"]
[SourceVersionDate "2025.01.15"]
[SourceQuality "1"]

1. e4 c6 2. d4 d5 3. e5 Bf5 4. h4 h5 5. Bg5 Qb6 6. Bd3 Qxd4 7. Nf3 Qg4 8. Bxf5 Qxf5 9. c4 Qe4+ 10. Be3 e6 11. Nbd2 Qd3 12. Rc1 Bb4 13. a3 Bxd2+ 14. Nxd2 d4 15. Bf4 c5 16. Qa4+ Nc6 17. Qb5 Nge7 18. Qxc5 0-0 19. Bg5 b6 20. Qd6 Rad8 21. Qc7 Rc8 22. Qb7 Ng6 23. Rh3 Qf5 24. Kf1 Ngxe5 25. Nf3 Ng4 26. Kg1 e5 27. Rf1 e4 28. Nh2 Nge5 29. Rg3 Kh8 30. Bc1 Qd7 31. Qa6 f6 32. Qb5 Qe6 33. Re1 Qxc4 34. Qxc4 Nxc4 35. Rxe4 Rfe8 36. Rxe8+ Rxe8 37. Nf3 d3 38. Kf1 Re2 39. Ne1 d2 40. Kxe2 dxc1Q 41. Rc3 Qxb2+ 42. Rc2 Nd4+ 0-1

[Event "Titled Tuesday intern op 19th Mar Early"]
[Site "Chess.com INT"]
[Date "2024.03.19"]
[Round "2"]
[White "Harshavardhan, GB."]
[Black "Stankovic, Ivan G"]
[Result "1/2-1/2"]
[WhiteElo "2392"]
[BlackElo "2294"]
[PlyCount "125"]
[EventDate "2024.03.19"]
[EventType "swiss (blitz)"]
[EventRounds "11"]
[EventCountry "USA"]
[SourceTitle "EXT 2025"]
[Source "ChessBase"]
[SourceDate "2024.10.14"]
[SourceVersion "1"]
[SourceVersionDate "2024.10.14"]
[SourceQuality "1"]

1. e4 c5 2. Nf3 Nc6 3. d4 cxd4 4. Nxd4 g6 5. c4 Bg7 6. Be3 Qb6 7. Nb3 Qc7 8. Nc3 Bxc3+ 9. bxc3 Nf6 10. f3 d6 11. Be2 Ne5 12. c5 dxc5 13. Bxc5 b6 14. Bd4 0-0 15. 0-0 Be6 16. f4 Nc6 17. Bxf6 exf6 18. f5 Bxb3 19. axb3 Ne5 20. Qc1 Rac8 21. c4 g5 22. h4 h6 23. Qe3 Rfd8 24. Rfd1 Rxd1+ 25. Rxd1 Rd8 26. Rd5 Rxd5 27. exd5 Qc5 28. Kf2 Kf8 29. g3 Ke7 30. Bh5 Kd6 31. Ke2 Qxe3+ 32. Kxe3 Kc5 33. Be2 a5 34. Ke4 Kb4 35. Bd1 Kc5 36. Ke3 Nd7 37. Be2 Nb8 38. Bh5 Kb4 39. Bxf7 Kxb3 40. d6 Kb4 41. Be8 a4 42. Kd2 a3 43. Kc2 Kxc4 44. Kb1 b5 45. Ka2 b4 46. Ba4 Kd5 47. d7 Nxd7 48. Bxd7 Ke4 49. Kb3 Kf3 50. hxg5 hxg5 51. Be6 Kxg3 52. Kxb4 Kf4 53. Kxa3 g4 54. Kb4 g3 55. Bd5 Kxf5 56. Kc3 Kg4 57. Kd2 f5 58. Ke2 f4 59. Bf3+ Kh3 60. Kf1 Kh2 61. Bg2 f3 62. Bxf3 g2+ 63. Bxg2 1/2-1/2

[Event "Titled Tuesday intern op 19th Mar Early"]
[Site "Chess.com INT"]
[Date "2024.03.19"]
[Round "1"]
[White "Navara, David"]
[Black "Stankovic, Ivan G"]
[Result "1/2-1/2"]
[WhiteElo "2669"]
[BlackElo "2294"]
[PlyCount "146"]
[EventDate "2024.03.19"]
[EventType "swiss (blitz)"]
[EventRounds "11"]
[EventCountry "USA"]
[SourceTitle "EXT 2025"]
[Source "ChessBase"]
[SourceDate "2024.10.14"]
[SourceVersion "1"]
[SourceVersionDate "2024.10.14"]
[SourceQuality "1"]

1. e3 g6 2. Nf3 Bg7 3. d4 Nf6 4. c4 0-0 5. Be2 d6 6. 0-0 Nbd7 7. Nc3 e5 8. Qc2 Re8 9. b4 c6 10. Rb1 e4 11. Nd2 Qe7 12. a4 h5 13. Re1 Nf8 14. Ba3 h4 15. h3 N8h7 16. b5 Ng5 17. Bf1 Bf5 18. bxc6 bxc6 19. a5 Qd7 20. Kh2 c5 21. dxc5 dxc5 22. Bxc5 Qc7+ 23. Kh1 Qxc5 24. Nb3 Qe5 25. Nd4 Bf8 26. Rb5 Bc5 27. Na4 Rac8 28. Nb3 Ne6 29. Rd1 a6 30. Rxc5 Nxc5 31. Naxc5 Rxc5 32. Nxc5 Qxc5 33. Qc3 Qe5 34. Qxe5 Rxe5 35. Rd6 Nd7 36. Rxa6 Kg7 37. g4 hxg3 38. fxg3 Be6 39. g4 Rc5 40. Ra7 Ne5 41. a6 Bxc4 42. Bg2 Bd3 43. Ra8 Ra5 44. a7 Nc6 45. Re8 Rxa7 46. Bxe4 Bxe4+ 47. Rxe4 Re7 48. Rc4 Ne5 49. Rc3 Nf3 50. Kg2 Ng5 51. h4 Ne4 52. Rc6 Nf6 53. Kf3 Nd5 54. e4 Nf6 55. Rc4 Nd7 56. Kf4 Ne5 57. Rd4 f6 58. g5 Nf7 59. gxf6+ Kxf6 60. Ra4 Re6 61. Ra5 Rb6 62. e5+ Ke6 63. Ra4 Nxe5 64. Re4 Rb5 65. Kg5 Kd5 66. Ra4 Rb6 67. h5 Nf3+ 68. Kf4 gxh5 69. Kxf3 Rh6 70. Ra5+ Kc4 71. Ra4+ Kb3 72. Rh4 Rh8 73. Kg3 Kc3 1/2-1/2

[Event "Titled Tuesday intern op 05th Mar Early"]
[Site "Chess.com INT"]
[Date "2024.03.05"]
[Round "6"]
[White "Arca, Christian Gian Karl"]
[Black "Stankovic, Ivan G"]
[Result "1-0"]
[WhiteElo "2283"]
[BlackElo "2294"]
[PlyCount "55"]
[EventDate "2024.03.05"]
[EventType "swiss (blitz)"]
[EventRounds "11"]
[EventCountry "USA"]
[SourceTitle "EXT 2025"]
[Source "ChessBase"]
[SourceDate "2024.10.14"]
[SourceVersion "1"]
[SourceVersionDate "2024.10.14"]
[SourceQuality "1"]

1. d4 d5 2. Nf3 Nf6 3. g3 g6 4. Bg2 Bg7 5. 0-0 0-0 6. c4 c6 7. Qb3 a6 8. Nc3 Ne4 9. cxd5 Nxc3 10. bxc3 Qxd5 11. c4 Qd8 12. Bb2 Ra7 13. e3 b5 14. Qc2 Nd7 15. Rfd1 Qa5 16. Nd2 c5 17. Nb3 Qa4 18. dxc5 Bxb2 19. Qxb2 bxc4 20. Rd4 e5 21. Rh4 Rc7 22. Qc3 Bb7 23. Rxc4 Qa3 24. c6 Nb6 25. Rc5 Na4 26. Qa5 Ba8 27. Rc4 Qb2 28. Qxc7 1-0

[Event "Titled Tuesday intern op 05th Mar Early"]
[Site "Chess.com INT"]
[Date "2024.03.05"]
[Round "7"]
[White "Corrales Jimenez, Zenia"]
[Black "Stankovic, Ivan G"]
[Result "0-1"]
[WhiteElo "2153"]
[BlackElo "2294"]
[PlyCount "82"]
[EventDate "2024.03.05"]
[EventType "swiss (blitz)"]
[EventRounds "11"]
[EventCountry "USA"]
[SourceTitle "EXT 2025"]
[Source "ChessBase"]
[SourceDate "2024.10.14"]
[SourceVersion "1"]
[SourceVersionDate "2024.10.14"]
[SourceQuality "1"]

1. e4 c5 2. Nf3 Nc6 3. c3 d5 4. exd5 Qxd5 5. d4 Bg4 6. Be2 cxd4 7. cxd4 e6 8. Nc3 Qa5 9. 0-0 Nf6 10. h3 Bh5 11. Be3 Be7 12. a3 0-0 13. b4 Qd8 14. Na4 Rc8 15. Nc5 b6 16. Na6 Nd5 17. Rc1 Bf6 18. Qd2 Qe7 19. g4 Bg6 20. g5 Qb7 21. gxf6 Nxf6 22. b5 Ne7 23. Rxc8 Rxc8 24. Rc1 Rxc1+ 25. Qxc1 Nfd5 26. Ne5 Bf5 27. Kh2 f6 28. Nc6 Ng6 29. Bf3 Nh4 30. Bxd5 exd5 31. Qd1 g6 32. Bf4 Be4 33. Qg4 Nf5 34. Qe2 Nh4 35. Bg3 Nf3+ 36. Kg2 Nxd4+ 37. Qxe4 dxe4 38. Nxd4 e3+ 39. f3 Qd5 40. Nc6 Qxb5 41. Ne7+ Kf7 0-1

[Event "Titled Tuesday intern op 05th Mar Early"]
[Site "Chess.com INT"]
[Date "2024.03.05"]
[Round "3"]
[White "Narayanan, Srinath"]
[Black "Stankovic, Ivan G"]
[Result "1-0"]
[WhiteElo "2533"]
[BlackElo "2294"]
[PlyCount "67"]
[EventDate "2024.03.05"]
[EventType "swiss (blitz)"]
[EventRounds "11"]
[EventCountry "USA"]
[SourceTitle "EXT 2025"]
[Source "ChessBase"]
[SourceDate "2024.10.14"]
[SourceVersion "1"]
[SourceVersionDate "2024.10.14"]
[SourceQuality "1"]

1. e4 c5 2. Nf3 Nc6 3. Bb5 g6 4. 0-0 Bg7 5. Re1 Nf6 6. e5 Nd5 7. Nc3 Nc7 8. Bxc6 dxc6 9. Ne4 Ne6 10. d3 0-0 11. Be3 b6 12. Qd2 Re8 13. Bh6 Bh8 14. a4 a5 15. h3 Qd5 16. Neg5 Nd4 17. Nxd4 cxd4 18. Qf4 c5 19. b3 Bb7 20. f3 Bc8 21. Re2 Be6 22. Rae1 Rad8 23. h4 Bc8 24. h5 Bb7 25. Re4 Bc6 26. Qh2 Bb7 27. hxg6 hxg6 28. Rh4 f6 29. Bf8 fxg5 30. Rxh8+ Kf7 31. Qh7+ Ke6 32. Qh3+ Kf7 33. Rh7+ Kg8 34. Rg7+ 1-0

[Event "Titled Tuesday intern op 23rd Jan Early"]
[Site "Chess.com INT"]
[Date "2024.01.23"]
[Round "2"]
[White "Franchini, Gabriele"]
[Black "Stankovic, Ivan G"]
[Result "0-1"]
[WhiteElo "2173"]
[BlackElo "2294"]
[PlyCount "112"]
[EventDate "2024.01.23"]
[EventType "swiss (blitz)"]
[EventRounds "11"]
[EventCountry "USA"]
[SourceTitle "EXT 2025"]
[Source "ChessBase"]
[SourceDate "2024.10.14"]
[SourceVersion "1"]
[SourceVersionDate "2024.10.14"]
[SourceQuality "1"]

1. e4 c5 2. Nc3 Nc6 3. Bb5 Nd4 4. Nf3 g6 5. Nxd4 cxd4 6. Ne2 a6 7. Bd3 Bg7 8. c3 d5 9. cxd4 dxe4 10. Bxe4 Nf6 11. Bf3 0-0 12. 0-0 Nd5 13. d3 Rb8 14. Bg5 Be6 15. Qd2 Qd7 16. Bh4 Rfd8 17. Rfe1 Rbc8 18. a3 Bg4 19. Bxd5 Qxd5 20. Bxe7 Re8 21. Bh4 Bxe2 22. Rxe2 Qxd4 23. Bg3 Rxe2 24. Qxe2 Qxb2 25. Qxb2 Bxb2 26. Rb1 Bxa3 27. h4 Rc1+ 28. Rxc1 Bxc1 29. Kf1 f5 30. Be5 Kf7 31. Ke2 Ke6 32. Bc3 Kd5 33. Kd1 Bh6 34. Kc2 Bf8 35. Kb3 Bc5 36. f3 Bd4 37. Bd2 Bf2 38. h5 gxh5 39. Bc3 b5 40. Kb4 Bd4 41. Bd2 Bb6 42. Bc3 Kc6 43. Be5 a5+ 44. Kb3 Kd5 45. Bb2 Bc5 46. Bc3 a4+ 47. Kb2 b4 48. Be1 Be7 49. Bf2 Bf6+ 50. Ka2 Bd4 51. Be1 b3+ 52. Ka3 Bc5+ 53. Kb2 Be7 54. Bc3 Bc5 55. Be1 Bd6 56. Bd2 Kd4 0-1

[Event "Titled Tuesday intern op 23rd Jan Early"]
[Site "Chess.com INT"]
[Date "2024.01.23"]
[Round "6"]
[White "Stankovic, Ivan G"]
[Black "Khazhatuly, Alikhan"]
[Result "1-0"]
[WhiteElo "2294"]
[BlackElo "1940"]
[PlyCount "113"]
[EventDate "2024.01.23"]
[EventType "swiss (blitz)"]
[EventRounds "11"]
[EventCountry "USA"]
[SourceTitle "EXT 2025"]
[Source "ChessBase"]
[SourceDate "2024.10.14"]
[SourceVersion "1"]
[SourceVersionDate "2024.10.14"]
[SourceQuality "1"]

1. e4 c5 2. c4 Nc6 3. Nc3 e6 4. g3 Nd4 5. Bg2 Ne7 6. d3 Nec6 7. Nge2 Be7 8. 0-0 0-0 9. Rb1 d6 10. a3 a5 11. Nb5 b6 12. Nexd4 Nxd4 13. Nxd4 cxd4 14. f4 e5 15. f5 Bg5 16. h4 Bxc1 17. Qxc1 Qf6 18. b4 a4 19. b5 Bd7 20. Qd2 Kh8 21. Bh3 Ra7 22. Rf2 g6 23. Rbf1 gxf5 24. Bxf5 Bxf5 25. Rxf5 Qg6 26. Rg5 Qe6 27. Kh2 f6 28. Rgf5 Rg7 29. Qh6 Rgf7 30. g4 Qe7 31. Kh3 Qe6 32. Kh2 Qe7 33. R1f2 Qd8 34. Kh3 Qe7 35. Qd2 Rg8 36. Qb4 Qe6 37. Qxa4 Rfg7 38. Qd1 Rxg4 39. Qxg4 Rxg4 40. Kxg4 Qg8+ 41. Kh3 Qg1 42. Rxf6 Qh1+ 43. Kg3 Qg1+ 44. Kh3 Qh1+ 45. Kg4 Qg1+ 46. Kh5 Qd1+ 47. R2f3 Kg7 48. Rf7+ Kg8 49. Kg5 Qd2+ 50. Kh5 Qd1 51. R7f5 Kg7 52. Rg5+ Kh8 53. Kg4 Qg1+ 54. Kf5 Qd1 55. Rfg3 Qf1+ 56. Ke6 h5 57. Rxh5# 1-0

[Event "Titled Tuesday intern op 23rd Jan Early"]
[Site "Chess.com INT"]
[Date "2024.01.23"]
[Round "3"]
[White "Stankovic, Ivan G"]
[Black "Raja, Rithvik R"]
[Result "0-1"]
[WhiteElo "2294"]
[BlackElo "2522"]
[PlyCount "42"]
[EventDate "2024.01.23"]
[EventType "swiss (blitz)"]
[EventRounds "11"]
[EventCountry "USA"]
[SourceTitle "EXT 2025"]
[Source "ChessBase"]
[SourceDate "2024.10.14"]
[SourceVersion "1"]
[SourceVersionDate "2024.10.14"]
[SourceQuality "1"]

1. e4 d6 2. c4 Nf6 3. Nc3 c5 4. g3 Nc6 5. Bg2 g6 6. Nge2 Bg7 7. d3 0-0 8. 0-0 Rb8 9. Rb1 Bd7 10. a3 a6 11. b4 cxb4 12. axb4 b5 13. cxb5 axb5 14. h3 Ne8 15. Be3 Nc7 16. Qd2 Na6 17. Na2 Be6 18. Nec3 Nd4 19. Nd5 Bxd5 20. exd5 Rc8 21. Nc3 Rxc3 0-1

[Event "Titled Tuesday intern op 23rd Jan Early"]
[Site "Chess.com INT"]
[Date "2024.01.23"]
[Round "4"]
[White "Stankovic, Ivan G"]
[Black "Rodriguez Avila, Alvaro"]
[Result "1-0"]
[WhiteElo "2294"]
[BlackElo "2190"]
[PlyCount "95"]
[EventDate "2024.01.23"]
[EventType "swiss (blitz)"]
[EventRounds "11"]
[EventCountry "USA"]
[SourceTitle "EXT 2025"]
[Source "ChessBase"]
[SourceDate "2024.10.14"]
[SourceVersion "1"]
[SourceVersionDate "2024.10.14"]
[SourceQuality "1"]

1. e4 c5 2. c4 Nc6 3. Nc3 g6 4. g3 Bg7 5. Bg2 e6 6. Nge2 Nge7 7. d3 h5 8. h3 h4 9. g4 d5 10. e5 dxc4 11. dxc4 Qxd1+ 12. Nxd1 Nxe5 13. Ne3 Nd3+ 14. Kd2 Nb4 15. a3 Nbc6 16. Kc2 Nd4+ 17. Nxd4 cxd4 18. Nf1 Nc6 19. Bd2 Bd7 20. Rd1 d3+ 21. Kb1 Ne5 22. b3 Bc6 23. Bxc6+ Nxc6 24. Bg5 f6 25. Be3 0-0-0 26. Nd2 Rd7 27. Ne4 f5 28. Nc5 Rd6 29. gxf5 gxf5 30. Rhg1 Bf8 31. Nxd3 Rd7 32. b4 Be7 33. Nf4 e5 34. Nd5 f4 35. Bxa7 Bd8 36. Bb6 Kb8 37. b5 Nd4 38. Bxd4 exd4 39. Rxd4 Bc7 40. Re4 Bd6 41. Kb2 Rc8 42. Kb3 f3 43. Rgg4 Bc5 44. Rxh4 Bxf2 45. Rhf4 Rxd5 46. cxd5 Rc1 47. Rxf3 Be1 48. b6 1-0

[Event "Titled Tuesday intern op 17th Oct Late"]
[Site "Chess.com INT"]
[Date "2023.10.17"]
[Round "2"]
[White "Stankovic, Ivan G"]
[Black "Sultanbek, Zeinep"]
[Result "0-1"]
[WhiteElo "2302"]
[BlackElo "1969"]
[PlyCount "112"]
[EventDate "2023.10.17"]
[EventType "swiss (blitz)"]
[EventRounds "11"]
[EventCountry "USA"]
[SourceTitle "EXT 2025"]
[Source "ChessBase"]
[SourceDate "2024.10.14"]
[SourceVersion "1"]
[SourceVersionDate "2024.10.14"]
[SourceQuality "1"]

1. e4 c5 2. c4 Nc6 3. Nc3 g6 4. g3 Bg7 5. Bg2 e6 6. Nge2 Nge7 7. d3 0-0 8. Be3 d6 9. d4 Qa5 10. 0-0 Rd8 11. Rc1 cxd4 12. Nxd4 Nxd4 13. Bxd4 e5 14. Be3 Be6 15. b3 a6 16. Qd2 Nc6 17. Rfd1 Rac8 18. Nd5 Qxd2 19. Rxd2 Bxd5 20. exd5 Nd4 21. Bxd4 exd4 22. Re1 b5 23. Bf1 d3 24. Rxd3 bxc4 25. bxc4 Rxc4 26. Rde3 Rc2 27. Re8+ Rxe8 28. Rxe8+ Bf8 29. a4 a5 30. Bb5 Rc5 31. Bc6 Kg7 32. Kg2 h5 33. h4 Rc2 34. Ra8 Rc5 35. Ra7 Kf6 36. f4 Be7 37. Kh3 Bd8 38. Be8 Be7 39. Bc6 Bd8 40. Rd7 Be7 41. Kg2 Rc3 42. Ra7 Bd8 43. Be8 Be7 44. Rxa5 Rd3 45. Bc6 Kf5 46. Rb5 Kg4 47. Bd7+ f5 48. Rb2 Rxg3+ 49. Kf2 Bxh4 50. Re2 Rd3+ 51. Kf1 Rxd5 52. Rg2+ Bg3 53. Be8 h4 54. Bxg6 h3 55. Rc2 h2 56. Kg2 Rd1 0-1

[Event "SRB-chT 1st League CS"]
[Site "Paracin"]
[Date "2023.10.04"]
[Round "6.5"]
[White "Stankovic, Ivan G"]
[Black "Arsic, Djordje"]
[Result "0-1"]
[WhiteElo "2302"]
[BlackElo "2182"]
[PlyCount "66"]
[EventDate "2023.09.30"]
[EventType "team-tourn"]
[EventRounds "11"]
[EventCountry "SRB"]
[SourceTitle "CBM 216 Extra"]
[Source "ChessBase"]
[SourceDate "2023.11.30"]
[SourceVersion "1"]
[SourceVersionDate "2023.11.30"]
[SourceQuality "1"]
[WhiteTeam "Krupanj"]
[BlackTeam "Pirot Cast i Slava"]
[WhiteTeamCountry "SRB"]
[BlackTeamCountry "SRB"]

1. c4 Nf6 2. g3 e5 3. Bg2 Nc6 4. Nc3 Bb4 5. e4 0-0 6. Nge2 Re8 7. a3 Bxc3 8. bxc3 Na5 9. d3 h6 10. 0-0 c6 11. Qa4 b6 12. h3 Bb7 13. f4 d6 14. Be3 Nd7 15. f5 Nc5 16. Qc2 d5 17. cxd5 cxd5 18. Rad1 Rc8 19. exd5 Bxd5 20. f6 Bb3 21. Qd2 Bxd1 22. Rxd1 Qxf6 23. Bd5 Qg6 24. Kh2 Rcd8 25. c4 Nab7 26. g4 Nd6 27. Ng3 Ne6 28. Rf1 Nc7 29. Bc6 Nxc4 30. Bxe8 Nxd2 31. Bxf7+ Qxf7 32. Rxf7 Kxf7 33. Bxd2 Rxd3 0-1

[Event "SRB-chT 1st League CS"]
[Site "Paracin"]
[Date "2023.09.30"]
[Round "1.6"]
[White "Matovic, Mihajlo Z"]
[Black "Stankovic, Ivan G"]
[Result "1/2-1/2"]
[WhiteElo "2189"]
[BlackElo "2302"]
[PlyCount "87"]
[EventDate "2023.09.30"]
[EventType "team-tourn"]
[EventRounds "11"]
[EventCountry "SRB"]
[SourceTitle "CBM 216 Extra"]
[Source "ChessBase"]
[SourceDate "2023.11.30"]
[SourceVersion "1"]
[SourceVersionDate "2023.11.30"]
[SourceQuality "1"]
[WhiteTeam "Topola Karadjordje"]
[BlackTeam "Krupanj"]
[WhiteTeamCountry "SRB"]
[BlackTeamCountry "SRB"]

1. e4 c5 2. Nf3 Nc6 3. Bb5 g6 4. 0-0 Bg7 5. Re1 Nf6 6. Nc3 0-0 7. e5 Ne8 8. Bxc6 dxc6 9. h3 Nc7 10. d3 Ne6 11. a4 a5 12. Qe2 Nd4 13. Nxd4 cxd4 14. Nb1 Be6 15. Nd2 Bd5 16. f4 f5 17. exf6 exf6 18. Nf3 c5 19. f5 Qd7 20. fxg6 hxg6 21. Bd2 g5 22. Qf2 b6 23. Nh2 Rae8 24. b3 Rxe1+ 25. Rxe1 Re8 26. Rxe8+ Qxe8 27. Nf1 Qe5 28. Qe1 Qxe1 29. Bxe1 f5 30. h4 Bf6 31. hxg5 Bxg5 32. Bd2 Bd8 33. Ng3 Be6 34. Bf4 Kf7 35. Be5 Bd7 36. Bf4 Ke6 37. Nf1 b5 38. axb5 Bxb5 39. Nd2 a4 40. bxa4 Bxa4 41. Nb3 Kd5 42. Kf2 c4 43. dxc4+ Kxc4 44. Kf3 1/2-1/2